[Event "13. Olimpiada por Equipos de Ajedrecist"]
[Site "Heraklio GRE"]
[Date "2008.10.20"]
[Round "2.3"]
[White "Meshkov, Yuri A"]
[Black "Cajzler, Hinko"]
[Result "1-0"]
[WhiteElo "2400"]
[BlackElo "2171"]
[PlyCount "57"]
[EventDate "2008.10.18"]
[EventType "team-"]
[EventRounds "9"]
[EventCountry "GRE"]
[Source "lmi"]
[SourceDate "2008.10.19"]

1. c4 c6 2. Nf3 d5 3. e3 Nf6 4. Nc3 e6 5. d4 Bd6 6. Qc2 Nbd7 7. g4 dxc4 8. g5
Nd5 9. Bxc4 N7b6 10. Be2 Bd7 11. Ne4 Be7 12. Rg1 Bb4+ 13. Bd2 Qe7 14. Nc5 Bxd2+
15. Qxd2 O-O-O 16. e4 Nc7 17. Qb4 Rhe8 18. a4 Ncd5 19. Qb3 f6 20. a5 e5 21.
axb6 axb6 22. gxf6 gxf6 23. Ra8+ Kc7 24. Ra7 exd4 25. Rxb7+ Kd6 26. e5+ fxe5
27. Ne4+ Ke6 28. Nfg5+ Kf5 29. Qh3+ 1-0

[Event "13. Olimpiada por Equipos de Ajedrecist"]
[Site "Heraklio GRE"]
[Date "2008.10.20"]
[Round "2.3"]
[White "Zaja, Stjepan"]
[Black "Smirnov, Sergei"]
[Result "0-1"]
[WhiteElo "1815"]
[BlackElo "2301"]
[PlyCount "38"]
[EventDate "2008.10.18"]
[EventType "team-"]
[EventRounds "9"]
[EventCountry "GRE"]
[Source "lmi"]
[SourceDate "2008.10.19"]

1. d4 Nf6 2. c4 e6 3. Nc3 Bb4 4. Bd2 O-O 5. Nf3 d5 6. e3 e5 7. Be2 exd4 8. exd4
dxc4 9. Bxc4 Nc6 10. a3 Be7 11. Ne2 a6 12. O-O b5 13. Ba2 Bb7 14. b4 a5 15.
bxa5 Nxa5 16. Ne5 Nc6 17. Nxc6 Bxc6 18. Bb4 Bxb4 19. axb4 Rxa2 0-1

[Event "13. Olimpiada por Equipos de Ajedrecist"]
[Site "Heraklio GRE"]
[Date "2008.10.20"]
[Round "2.4"]
[White "Avram, Sretko"]
[Black "Novikovas, Anatolijus"]
[Result "1/2-1/2"]
[WhiteElo "2320"]
[BlackElo "1901"]
[PlyCount "50"]
[EventDate "2008.10.18"]
[EventType "team-"]
[EventRounds "9"]
[EventCountry "GRE"]
[Source "lmi"]
[SourceDate "2008.10.19"]

1. d4 Nf6 2. c4 e6 3. Nf3 b6 4. g3 Ba6 5. Qc2 c5 6. Bg2 Bb7 7. O-O Nc6 8. dxc5
Bxc5 9. Nc3 O-O 10. b3 d5 11. cxd5 Nb4 12. Qd1 Nbxd5 13. Nxd5 Qxd5 14. Bb2 Qxd1
15. Rfxd1 Rfd8 16. Ne5 Bxg2 17. Kxg2 Rac8 18. Rxd8+ Rxd8 19. b4 Bf8 20. Nd3 Nd5
21. a3 Rc8 22. e4 Nf6 23. Kf3 Nd7 24. Rc1 Rxc1 25. Bxc1 a5 1/2-1/2

[Event "13. Olimpiada por Equipos de Ajedrecist"]
[Site "Heraklio GRE"]
[Date "2008.10.20"]
[Round "2.4"]
[White "Rutkauskas, Gediminas"]
[Black "Markov, Ziva"]
[Result "0-1"]
[WhiteElo "2002"]
[BlackElo "2205"]
[PlyCount "59"]
[EventDate "2008.10.18"]
[EventType "team-"]
[EventRounds "9"]
[EventCountry "GRE"]
[Source "lmi"]
[SourceDate "2008.10.19"]

1. e4 e5 2. Nf3 Nc6 3. d4 exd4 4. Nxd4 Qh4 5. Nc3 Bb4 6. Be2 Qxe4 7. Nxc6 Bxc3+
8. bxc3 dxc6 9. O-O Be6 10. Be3 Nf6 11. Bf3 Qf5 12. Rb1 Bc8 13. Qd4 O-O 14. Qh4
h6 15. Rb4 Nd5 16. Bc5 Re8 17. Rd4 Nxc3 18. Rd8 Be6 19. Rxa8 Rxa8 20. Be3 Bd5
21. Bd4 Nb5 22. Bxd5 cxd5 23. Be3 Qxc2 24. a4 Nc3 25. Qg4 Qxa4 26. Qh5 Qc2 27.
h3 a5 28. Kh2 Qg6 29. Qf3 Ne4 30. Qd1 0-1

[Event "13. Olimpiada por Equipos de Ajedrecist"]
[Site "Heraklio GRE"]
[Date "2008.10.20"]
[Round "2.5"]
[White "Coset, Alexandr"]
[Black "Trkaljanov, Vladimir"]
[Result "1/2-1/2"]
[WhiteElo "2295"]
[BlackElo "2239"]
[PlyCount "70"]
[EventDate "2008.10.18"]
[EventType "team-"]
[EventRounds "9"]
[EventCountry "GRE"]
[Source "lmi"]
[SourceDate "2008.10.19"]

1. e4 e5 2. Nf3 Nc6 3. Bc4 Nf6 4. d3 Bc5 5. c3 Bb6 6. O-O d6 7. Nbd2 O-O 8. h3
a6 9. Bb3 h6 10. Nc4 Ba7 11. Ne3 Bxe3 12. fxe3 d5 13. exd5 Nxd5 14. e4 Nce7 15.
Nh4 Qd6 16. Be3 Be6 17. Bc2 f5 18. exf5 Nxf5 19. Nxf5 Bxf5 20. Qe2 Rad8 21.
Rad1 Ne7 22. d4 Bxc2 23. Rxf8+ Rxf8 24. Qxc2 exd4 25. Bxd4 Qe6 26. Qb3 Qxb3 27.
axb3 Nf5 28. Bf2 Rf7 29. b4 Nd6 30. Bg3 Nc4 31. b3 Ne3 32. Rd3 Nf5 33. Bf2 Nd6
34. Rd4 Nb5 35. Rd3 Nd6 1/2-1/2

[Event "13. Olimpiada por Equipos de Ajedrecist"]
[Site "Heraklio GRE"]
[Date "2008.10.20"]
[Round "2.5"]
[White "Kocovski, Ivan"]
[Black "Spinu, Evgeny"]
[Result "1-0"]
[WhiteElo "2266"]
[BlackElo "2298"]
[PlyCount "93"]
[EventDate "2008.10.18"]
[EventType "team-"]
[EventRounds "9"]
[EventCountry "GRE"]
[Source "lmi"]
[SourceDate "2008.10.19"]

1. d4 d5 2. Nf3 Nf6 3. c4 e6 4. Nc3 Be7 5. Bg5 h6 6. Bh4 O-O 7. e3 Ne4 8. Bxe7
Qxe7 9. Qc2 Nxc3 10. Qxc3 c6 11. Bd3 dxc4 12. Bxc4 Nd7 13. O-O b6 14. b4 Bb7
15. Be2 Nf6 16. Qb2 Nd5 17. Rab1 b5 18. a4 bxa4 19. Rfc1 f6 20. Rc5 g5 21. Qa2
Nb6 22. Bd1 Ba6 23. Bxa4 Nxa4 24. Qxa4 Bb5 25. Qa3 Rfb8 26. Nd2 Rb6 27. Nb3 Rd8
28. Na5 Rd5 29. Rbc1 Rxc5 30. Rxc5 Qd7 31. Qc3 Ra6 32. h3 Kf7 33. e4 Kg6 34. g4
h5 35. gxh5+ Kxh5 36. f4 Qg7 37. Kh2 Kh6 38. fxg5+ fxg5 39. Qe3 Qc7+ 40. Re5 c5
41. Qxg5+ Kh7 42. dxc5 Be8 43. Qh4+ Kg7 44. Qg3+ Bg6 45. Rg5 Qxg3+ 46. Kxg3 Kf6
47. Rxg6+ 1-0

[Event "13. Olimpiada por Equipos de Ajedrecist"]
[Site "Heraklio GRE"]
[Date "2008.10.20"]
[Round "2.6"]
[White "Berggren, Marcus"]
[Black "Bischoff, Dieter"]
[Result "1/2-1/2"]
[WhiteElo "1875"]
[BlackElo "2144"]
[PlyCount "57"]
[EventDate "2008.10.18"]
[EventType "team-"]
[EventRounds "9"]
[EventCountry "GRE"]
[Source "lmi"]
[SourceDate "2008.10.19"]

1. c4 g6 2. g3 Bg7 3. Bg2 d6 4. Nc3 c5 5. e4 Nc6 6. Nge2 e6 7. O-O Nge7 8. d3
O-O 9. Be3 Nd4 10. Qd2 Nec6 11. Bh6 Bxh6 12. Qxh6 Qf6 13. Nf4 Qg7 14. Qxg7+
Kxg7 15. Rad1 Rb8 16. Nfe2 a6 17. Nxd4 Nxd4 18. Rd2 b5 19. Ne2 Nxe2+ 20. Rxe2
e5 21. f4 f6 22. Ref2 Bd7 23. h4 Bc6 24. b3 Bd7 25. Kh2 b4 26. Bh3 Bxh3 27.
Kxh3 h6 28. f5 g5 29. h5 1/2-1/2

[Event "13. Olimpiada por Equipos de Ajedrecist"]
[Site "Heraklio GRE"]
[Date "2008.10.20"]
[Round "2.6"]
[White "Frank, Schellmann"]
[Black "Berggren, Patrik"]
[Result "1-0"]
[WhiteElo "2144"]
[BlackElo "1925"]
[PlyCount "131"]
[EventDate "2008.10.18"]
[EventType "team-"]
[EventRounds "9"]
[EventCountry "GRE"]
[Source "lmi"]
[SourceDate "2008.10.19"]

1. e4 c5 2. Nf3 d6 3. d4 cxd4 4. Nxd4 Nf6 5. Nc3 g6 6. Be3 Bg7 7. f3 Nc6 8. Qd2
O-O 9. Bc4 Bd7 10. O-O-O Rc8 11. Bb3 Ne5 12. Kb1 Nc4 13. Bxc4 Rxc4 14. g4 h5
15. gxh5 Nxh5 16. b3 Rc8 17. Nde2 Be6 18. Bh6 Rc5 19. Bxg7 Kxg7 20. Na4 Ra5 21.
Qd4+ Kh7 22. Ng3 Qc7 23. Rd3 Rc8 24. Qb2 Ng7 25. Rc3 Qd7 26. Rxc8 Qxc8 27. Qc3
Qxc3 28. Nxc3 Nh5 29. Nge2 Rg5 30. Rg1 Rxg1+ 31. Nxg1 Nf4 32. Kc1 Kg7 33. Kd2
g5 34. Nge2 Nxe2 35. Kxe2 Kf6 36. Ke3 Ke5 37. Ne2 f5 38. exf5 Bxf5 39. c3 Bb1
40. a3 Bc2 41. b4 Kd5 42. f4 g4 43. Kd2 Bf5 44. Ng3 Bd7 45. Kd3 b5 46. Nf1 Bf5+
47. Ke3 Kc4 48. Kd2 Kd5 49. Ke3 Kc4 50. Kd2 e6 51. Ng3 Bd3 52. Nh5 Bf5 53. Nf6
Bg6 54. Nxg4 Kb3 55. h4 Kxa3 56. Nf6 e5 57. h5 Bf5 58. fxe5 dxe5 59. h6 Ka4 60.
Nd7 e4 61. Nc5+ Ka3 62. Ke3 Kb2 63. Nxe4 Bg6 64. Kd4 Bxe4 65. Kxe4 Kxc3 66. h7
1-0

[Event "13. Olimpiada por Equipos de Ajedrecist"]
[Site "Heraklio GRE"]
[Date "2008.10.20"]
[Round "2.6"]
[White "Thomsson, Hakan"]
[Black "Lindenmair, Anton"]
[Result "0-1"]
[WhiteElo "1400"]
[BlackElo "2121"]
[PlyCount "114"]
[EventDate "2008.10.18"]
[EventType "team-"]
[EventRounds "9"]
[EventCountry "GRE"]
[Source "lmi"]
[SourceDate "2008.10.19"]

1. e4 e5 2. Nf3 Nf6 3. Nxe5 d6 4. Nf3 Nxe4 5. Nc3 Nxc3 6. dxc3 Be7 7. Bf4 Nc6
8. Qd2 O-O 9. O-O-O Be6 10. Kb1 Rb8 11. Bd3 b5 12. h4 b4 13. c4 Qc8 14. Ng5 Bf5
15. g4 Bg6 16. f3 Ne5 17. Bxe5 dxe5 18. Bxg6 hxg6 19. h5 Bxg5 20. Qxg5 Qe6 21.
Rd5 Qf6 22. Qxf6 gxf6 23. hxg6 fxg6 24. Rd7 Rf7 25. Rh8+ Kxh8 26. Rxf7 Re8 27.
Rxf6 e4 28. Kc1 exf3 29. Rxf3 Re4 30. Rg3 Rxc4 31. Kd2 Kg7 32. Kd3 Rf4 33. g5
Kf7 34. Ke3 Rf5 35. Rg4 a5 36. c3 bxc3 37. bxc3 Ke6 38. c4 Kd6 39. Kd4 Rc5 40.
Kd3 Ke5 41. Ke3 Kf5 42. Kf3 Re5 43. Rg1 Re4 44. Rd1 c6 45. Rd6 Rxc4 46. Ke3
Kxg5 47. Kd3 Rc5 48. Rd8 Rd5+ 49. Rxd5+ cxd5 50. Kd4 Kf5 51. Kxd5 g5 52. a4 g4
53. Kc5 g3 54. Kb5 g2 55. Kxa5 g1=Q 56. Ka6 Qg2 57. Ka7 Qa2 0-1

[Event "13. Olimpiada por Equipos de Ajedrecist"]
[Site "Heraklio GRE"]
[Date "2008.10.20"]
[Round "2.7"]
[White "Armstrong, William G"]
[Black "Ruohonen, Teemu"]
[Result "0-1"]
[WhiteElo "1964"]
[BlackElo "1400"]
[PlyCount "76"]
[EventDate "2008.10.18"]
[EventType "team-"]
[EventRounds "9"]
[EventCountry "GRE"]
[Source "lmi"]
[SourceDate "2008.10.19"]

1. d4 d5 2. Nf3 Nf6 3. e3 e6 4. Bd3 c5 5. b3 Nc6 6. O-O Be7 7. Bb2 O-O 8. Nbd2
Bd7 9. c3 Rc8 10. Rc1 cxd4 11. exd4 Bd6 12. Re1 Ne7 13. Ne5 Qe8 14. Re3 Ng6 15.
Bb1 Bb5 16. a4 Ba6 17. Qf3 Nd7 18. Qh3 Ndxe5 19. dxe5 Bc5 20. Rg3 f5 21. b4 Nf4
22. Rxg7+ Kxg7 23. Qg3+ Ng6 24. bxc5 Qxa4 25. c4 Bxc4 26. Bc2 Qb4 27. Bc3 Qxc5
28. Rb1 Rf7 29. Bb4 Qd4 30. Nf3 Qf4 31. Ng5 d4 32. Nxe6+ Bxe6 33. Qd3 Nxe5 34.
Qd1 Rfc7 35. Bd6 Rxc2 36. Rxb7+ Kg6 37. Bxe5 Rc1 38. Rg7+ Kh6 0-1

[Event "13. Olimpiada por Equipos de Ajedrecist"]
[Site "Heraklio GRE"]
[Date "2008.10.20"]
[Round "2.7"]
[White "Holmela, Kari"]
[Black "Lilley, Graham"]
[Result "1/2-1/2"]
[WhiteElo "1933"]
[BlackElo "2115"]
[PlyCount "70"]
[EventDate "2008.10.18"]
[EventType "team-"]
[EventRounds "9"]
[EventCountry "GRE"]
[Source "lmi"]
[SourceDate "2008.10.19"]

1. d4 g6 2. e4 Bg7 3. Nc3 d6 4. Nf3 a6 5. Be2 b5 6. a3 Bb7 7. O-O Nf6 8. Re1
O-O 9. Bf1 e6 10. h3 Nbd7 11. Bf4 Nh5 12. Bg5 f6 13. Be3 Bh8 14. Qd2 Qe7 15.
Rad1 Rfd8 16. g4 Ng7 17. Bg2 Nb6 18. Qc1 Nc4 19. Bf4 e5 20. Bg3 Ne6 21. Nd5 Qf7
22. b3 Nb6 23. Nxb6 cxb6 24. d5 Nc5 25. Nh4 Rac8 26. Qd2 Bg7 27. f3 Qf8 28. Bf2
Bh6 29. Be3 Bxe3+ 30. Qxe3 Qe7 31. Bf1 f5 32. Ng2 f4 33. Qf2 Rc7 34. Re2 Rdc8
35. Ree1 Nd7 1/2-1/2

[Event "13. Olimpiada por Equipos de Ajedrecist"]
[Site "Heraklio GRE"]
[Date "2008.10.20"]
[Round "2.8"]
[White "Pribeanu, Dacian"]
[Black "Grigorchuk, Sergey"]
[Result "1/2-1/2"]
[WhiteElo "2232"]
[BlackElo "2244"]
[PlyCount "31"]
[EventDate "2008.10.18"]
[EventType "team-"]
[EventRounds "9"]
[EventCountry "GRE"]
[Source "lmi"]
[SourceDate "2008.10.19"]

1. e4 e6 2. d3 d5 3. Nd2 Nf6 4. g3 dxe4 5. dxe4 Bc5 6. Bg2 e5 7. Ngf3 Nc6 8.
O-O O-O 9. c3 a5 10. Qc2 Be6 11. Ng5 Bd7 12. Nc4 Ng4 13. Nf3 b5 14. Ncxe5 Ne7
15. Be3 Bxe3 16. fxe3 1/2-1/2

[Event "13. Olimpiada por Equipos de Ajedrecist"]
[Site "Heraklio GRE"]
[Date "2008.10.20"]
[Round "2.9"]
[White "Fratini, Mauro"]
[Black "Kabyzhanov, Bulat"]
[Result "1-0"]
[WhiteElo "1940"]
[BlackElo "1400"]
[PlyCount "79"]
[EventDate "2008.10.18"]
[EventType "team-"]
[EventRounds "9"]
[EventCountry "GRE"]
[Source "lmi"]
[SourceDate "2008.10.19"]

1. d4 g6 2. Nf3 Bg7 3. Bf4 Nf6 4. e3 d6 5. h3 O-O 6. Be2 Nbd7 7. Nbd2 c5 8. c3
b6 9. O-O Bb7 10. Bh2 Rc8 11. a4 a6 12. Nc4 Qc7 13. Nfd2 Bd5 14. Na3 Qb7 15. f3
cxd4 16. cxd4 Qa8 17. e4 Bb7 18. Qb3 Bh6 19. Rfd1 d5 20. e5 Nh5 21. Nc2 Nf4 22.
Bf1 Ne6 23. Nb1 Rc7 24. Ne3 Rfc8 25. Na3 Nxd4 26. Rxd4 Nc5 27. Qc3 Nxa4 28. Qd2
Nc5 29. Qe2 Nb3 30. Rb4 Nxa1 31. Ng4 Bg7 32. e6 a5 33. exf7+ Kh8 34. Ra4 Rc1
35. Ne5 Bf6 36. Qe3 Kg7 37. Bf4 Rxf1+ 38. Kxf1 Bxe5 39. Qxe5+ Kxf7 40. Bh6 1-0

[Event "13. Olimpiada por Equipos de Ajedrecist"]
[Site "Heraklio GRE"]
[Date "2008.10.20"]
[Round "2.9"]
[White "Pugliese, Giuseppe"]
[Black "Bibikov, Yuriy"]
[Result "0-1"]
[WhiteElo "1820"]
[BlackElo "1400"]
[PlyCount "78"]
[EventDate "2008.10.18"]
[EventType "team-"]
[EventRounds "9"]
[EventCountry "GRE"]
[Source "lmi"]
[SourceDate "2008.10.19"]

1. e4 e5 2. Nf3 Nc6 3. d4 exd4 4. Nxd4 Qh4 5. Nxc6 Qxe4+ 6. Qe2 Qxe2+ 7. Bxe2
dxc6 8. O-O Bf5 9. c3 Nf6 10. Nd2 Bd6 11. Bf3 O-O 12. Nc4 Rfe8 13. Nxd6 cxd6
14. Bf4 d5 15. Be3 h6 16. h3 Nd7 17. Rfe1 Ne5 18. Be2 b6 19. Ba6 Rad8 20. Rad1
Bc8 21. Be2 c5 22. Bb5 Re6 23. f4 Nc6 24. Bf2 Ne7 25. Bh4 f6 26. g4 Kf7 27. f5
Rxe1+ 28. Rxe1 Bd7 29. Bd3 b5 30. b3 c4 31. Bc2 Nc6 32. Bf2 a6 33. Rd1 Bc8 34.
Bb6 Rd7 35. bxc4 dxc4 36. Re1 Ne5 37. Bd4 Nf3+ 38. Kf2 Nxe1 39. Kxe1 Bb7 0-1

[Event "13. Olimpiada por Equipos de Ajedrecist"]
[Site "Heraklio GRE"]
[Date "2008.10.20"]
[Round "2.10"]
[White "Dalschaert, Didier"]
[Black "Vojan, Istvan"]
[Result "1/2-1/2"]
[WhiteElo "1400"]
[BlackElo "2036"]
[PlyCount "55"]
[EventDate "2008.10.18"]
[EventType "team-"]
[EventRounds "9"]
[EventCountry "GRE"]
[Source "lmi"]
[SourceDate "2008.10.19"]

1. e4 c5 2. Nf3 d6 3. d4 cxd4 4. Nxd4 Nf6 5. Nc3 g6 6. Be2 Bg7 7. Be3 O-O 8.
O-O Nc6 9. Qd2 Ng4 10. Bxg4 Bxg4 11. f4 Na5 12. b3 Bd7 13. Rad1 Rc8 14. f5 Nc6
15. Nd5 Ne5 16. c4 Ng4 17. Bf4 e5 18. fxe6 fxe6 19. h3 exd5 20. hxg4 dxc4 21.
bxc4 Rxc4 22. Nf5 Rxf5 23. gxf5 Bc6 24. Qxd6 Qxd6 25. Rxd6 Rxe4 26. f6 Bf8 27.
f7+ Kg7 28. Rd2 1/2-1/2

[Event "13. Olimpiada por Equipos de Ajedrecist"]
[Site "Heraklio GRE"]
[Date "2008.10.20"]
[Round "2.10"]
[White "Van Gysel, Marc"]
[Black "Almadi, Balazs"]
[Result "0-1"]
[WhiteElo "1400"]
[BlackElo "1400"]
[PlyCount "42"]
[EventDate "2008.10.18"]
[EventType "team-"]
[EventRounds "9"]
[EventCountry "GRE"]
[Source "lmi"]
[SourceDate "2008.10.19"]

1. d4 g6 2. c4 Bg7 3. Nc3 e6 4. e4 d6 5. Nf3 Nd7 6. Be2 Ne7 7. O-O O-O 8. Be3
b6 9. Rc1 h6 10. Qd2 Kh7 11. Rfd1 Bb7 12. d5 e5 13. Ne1 f5 14. f4 fxe4 15. Nxe4
Nf5 16. fxe5 Nxe5 17. Bf2 Qe7 18. Ng3 Rae8 19. Nxf5 Rxf5 20. Bg3 Bc8 21. Nf3
Rff8 0-1

[Event "13. Olimpiada por Equipos de Ajedrecist"]
[Site "Heraklio GRE"]
[Date "2008.10.20"]
[Round "2.11"]
[White "Aksu, Mumin"]
[Black "Klimis, Laertis"]
[Result "0-1"]
[WhiteElo "2033"]
[BlackElo "1400"]
[PlyCount "90"]
[EventDate "2008.10.18"]
[EventType "team-"]
[EventRounds "9"]
[EventCountry "GRE"]
[Source "lmi"]
[SourceDate "2008.10.19"]

1. e4 e6 2. d4 d5 3. e5 c5 4. c3 Nc6 5. Nf3 Qb6 6. Bd3 Bd7 7. O-O cxd4 8. cxd4
Nxd4 9. Nxd4 Qxd4 10. Nc3 a6 11. Be3 Qxe5 12. g3 Nf6 13. Re1 Bc6 14. Rc1 Qd6
15. Bf4 Qd7 16. Bf5 Be7 17. Bb1 d4 18. Ne4 Bb4 19. Re2 Rd8 20. a3 d3 21. Nxf6+
gxf6 22. Re3 d2 23. Rxc6 Qxc6 24. axb4 Qc1 25. Bc2 Qxc2 26. Qxc2 d1=Q+ 27. Qxd1
Rxd1+ 28. Kg2 Ke7 29. Bc7 Rc8 30. Bb6 e5 31. Bc5+ Ke6 32. Re2 a5 33. g4 a4 34.
f4 Kd5 35. f5 Rg8 36. h3 h5 37. Kf3 Rd3+ 38. Be3 hxg4+ 39. hxg4 Rb3 40. Rd2+
Kc6 41. Rc2+ Kd7 42. Rd2+ Kc7 43. Rc2+ Kb8 44. Rc4 Rxb2 45. Bc5 Rd8 0-1

[Event "13. Olimpiada por Equipos de Ajedrecist"]
[Site "Heraklio GRE"]
[Date "2008.10.20"]
[Round "2.11"]
[White "Caliskan, Halil"]
[Black "Boudalakis, Filippos"]
[Result "1/2-1/2"]
[WhiteElo "1400"]
[BlackElo "1400"]
[PlyCount "44"]
[EventDate "2008.10.18"]
[EventType "team-"]
[EventRounds "9"]
[EventCountry "GRE"]
[Source "lmi"]
[SourceDate "2008.10.19"]

1. e4 c5 2. Nf3 Nc6 3. Bc4 g6 4. O-O Bg7 5. c3 e6 6. d4 cxd4 7. cxd4 d5 8. exd5
exd5 9. Bb3 Nge7 10. Nc3 O-O 11. Bg5 Bg4 12. Nxd5 Qd6 13. Nxe7+ Nxe7 14. Bxe7
Qxe7 15. h3 Bxf3 16. Qxf3 Bxd4 17. Rfe1 Qf6 18. Qxf6 Bxf6 19. Re2 Rfe8 20. Rae1
Rxe2 21. Rxe2 Rc8 22. g4 Kf8 1/2-1/2

[Event "13. Olimpiada por Equipos de Ajedrecist"]
[Site "Heraklio GRE"]
[Date "2008.10.20"]
[Round "2.11"]
[White "Hatziapostolidis, Eystratios"]
[Black "Gok, Nevzat"]
[Result "1-0"]
[WhiteElo "1400"]
[BlackElo "1400"]
[PlyCount "83"]
[EventDate "2008.10.18"]
[EventType "team-"]
[EventRounds "9"]
[EventCountry "GRE"]
[Source "lmi"]
[SourceDate "2008.10.19"]

1. c4 e5 2. Nc3 Nf6 3. g3 d6 4. Bg2 Be7 5. Nf3 h6 6. O-O O-O 7. d3 Nc6 8. a3 a6
9. b4 Nd4 10. e3 Nxf3+ 11. Qxf3 c6 12. Ne4 d5 13. cxd5 cxd5 14. Nxf6+ Bxf6 15.
Qxd5 e4 16. Qxd8 Rxd8 17. d4 Bf5 18. Bd2 Rac8 19. Rac1 b6 20. Rxc8 Rxc8 21. Rc1
Re8 22. Rc6 Bd8 23. Bf1 Bd7 24. Rd6 Bc8 25. Bc4 Bc7 26. Rc6 Re7 27. Bf1 Bb7 28.
Rc1 f5 29. b5 a5 30. Bc3 Kh7 31. Rd1 Bd5 32. Bb2 Re6 33. Rc1 Re7 34. Bc4 Rd7
35. Bxd5 Rxd5 36. Rxc7 Rxb5 37. Rc2 h5 38. a4 Rb4 39. d5 Kg8 40. d6 Kf8 41.
Rc8+ Kf7 42. d7 1-0

[Event "13. Olimpiada por Equipos de Ajedrecist"]
[Site "Heraklio GRE"]
[Date "2008.10.20"]
[Round "2.13"]
[White "Couwenberg, Pieter"]
[Black "Koumtzis, Sotiris"]
[Result "0-1"]
[WhiteElo "1400"]
[BlackElo "1400"]
[PlyCount "32"]
[EventDate "2008.10.18"]
[EventType "team-"]
[EventRounds "9"]
[EventCountry "GRE"]
[Source "lmi"]
[SourceDate "2008.10.19"]

1. d4 d5 2. c4 c6 3. Nf3 Nf6 4. e3 Bf5 5. Nc3 e6 6. Be2 dxc4 7. Bxc4 Nbd7 8. b3
Bb4 9. Bd2 Qa5 10. Qc1 O-O 11. O-O Bg4 12. Ng5 Qxg5 13. Ne4 Nxe4 14. Bxb4 Bf3
15. g3 Qg4 16. Bxf8 Qh3 0-1

[Event "13. Olimpiada por Equipos de Ajedrecist"]
[Site "Heraklio GRE"]
[Date "2008.10.20"]
[Round "2.13"]
[White "Vosloo, Cicel Johannes"]
[Black "Hengles, Roberto Carlos"]
[Result "0-1"]
[WhiteElo "1400"]
[BlackElo "1976"]
[PlyCount "88"]
[EventDate "2008.10.18"]
[EventType "team-"]
[EventRounds "9"]
[EventCountry "GRE"]
[Source "lmi"]
[SourceDate "2008.10.19"]

1. d4 d5 2. Nf3 Nf6 3. e3 Bf5 4. Bd3 Bxd3 5. Qxd3 c6 6. O-O e6 7. Nbd2 Bd6 8.
e4 Nxe4 9. Nxe4 dxe4 10. Qxe4 Nd7 11. Ne5 Nxe5 12. dxe5 Be7 13. Be3 O-O 14.
Rfd1 Qc7 15. Rd3 Rfd8 16. Rad1 Qa5 17. a3 Rxd3 18. cxd3 Rd8 19. g3 Rd5 20. Bd2
Qb5 21. Bc3 Qb3 22. Re1 Bxa3 23. Rb1 Qc2 24. Qe1 Bc5 25. d4 Bxd4 26. Bxd4 Rxd4
27. Rc1 Qd2 28. Qf1 h6 29. b4 Rxb4 30. Rd1 Qc2 31. Rd8+ Kh7 32. Qd3+ Qxd3 33.
Rxd3 a5 34. Rd7 a4 35. Rxf7 a3 36. Re7 a2 37. Rxe6 a1=Q+ 38. Kg2 Qd4 39. Re8
Rb2 40. Kh3 Qd7+ 41. g4 Qxe8 42. f4 Qd7 43. f5 Qd3+ 44. Kh4 Rxh2# 0-1

[Event "13. Olimpiada por Equipos de Ajedrecist"]
[Site "Heraklio GRE"]
[Date "2008.10.20"]
[Round "2.15"]
[White "Burge, Adrian"]
[Black "Orvisky, Vladimir"]
[Result "0-1"]
[WhiteElo "1400"]
[BlackElo "1400"]
[PlyCount "41"]
[EventDate "2008.10.18"]
[EventType "team-"]
[EventRounds "9"]
[EventCountry "GRE"]
[Source "lmi"]
[SourceDate "2008.10.19"]

1. e4 Nf6 2. Nc3 d5 3. e5 d4 4. exf6 dxc3 5. fxg7 cxd2+ 6. Bxd2 Bxg7 7. c3 Bf5
8. Bc4 c6 9. Qb3 O-O 10. Qxb7 Nd7 11. Qxc6 Rc8 12. Qb5 Rc5 13. Qb3 Re5+ 14. Be3
Nc5 15. Qd1 Bd3 16. Nf3 Re4 17. Bxd3 Nxd3+ 18. Kf1 Nxb2 19. Qxd8 Rxd8 20. Bd4
e5 21. Bxa7 0-1

[Event "13. Olimpiada por Equipos de Ajedrecist"]
[Site "Heraklio GRE"]
[Date "2008.10.20"]
[Round "2.15"]
[White "Molnar, Lubos"]
[Black "Bolliger, Willi"]
[Result "*"]
[WhiteElo "1400"]
[BlackElo "1400"]
[PlyCount "41"]
[EventDate "2008.10.18"]
[EventType "team-"]
[EventRounds "9"]
[EventCountry "GRE"]
[Source "lmi"]
[SourceDate "2008.10.19"]

1. e4 c5 2. Nf3 d6 3. d4 cxd4 4. Nxd4 Nf6 5. Nc3 a6 6. Be3 e6 7. f3 Be7 8. Qd2
Nc6 9. O-O-O O-O 10. g4 Bd7 11. h4 Rc8 12. Kb1 Nxd4 13. Bxd4 Ne8 14. g5 Bc6 15.
Be3 Nc7 16. Bb6 Qd7 17. Bh3 Nb5 18. Ba5 Nxc3+ 19. Bxc3 d5 20. h5 Bd6 21. h6 *

[Event "13. Olimpiada por Equipos de Ajedrecist"]
[Site "Heraklio GRE"]
[Date "2008.10.20"]
[Round "2.15"]
[White "Murin, Miroslav"]
[Black "Studer, Werner"]
[Result "1-0"]
[WhiteElo "1861"]
[BlackElo "1400"]
[PlyCount "69"]
[EventDate "2008.10.18"]
[EventType "team-"]
[EventRounds "9"]
[EventCountry "GRE"]
[Source "lmi"]
[SourceDate "2008.10.19"]

1. e4 e5 2. Nf3 Nc6 3. Bb5 d6 4. d4 Be7 5. c3 a6 6. Ba4 Nf6 7. Nbd2 Bd7 8. h3
O-O 9. O-O b5 10. Bb3 h6 11. Re1 Na5 12. Bc2 Re8 13. dxe5 dxe5 14. Nxe5 Bd6 15.
Nef3 Nc6 16. Nd4 Bc5 17. N2b3 Bb6 18. Qf3 Ne5 19. Qd1 c5 20. Nf3 Bc6 21. Nxe5
Rxe5 22. f3 c4+ 23. Nd4 Bb7 24. Be3 Re8 25. Qe2 Bc7 26. g4 Rc8 27. Rad1 Nh7 28.
Qg2 Qh4 29. Nf5 Qf6 30. h4 g5 31. Qh3 Nf8 32. hxg5 hxg5 33. Qh5 Bf4 34. Bxf4
gxf4 35. Rd6 1-0

[Event "13. Olimpiada por Equipos de Ajedrecist"]
[Site "Heraklio GRE"]
[Date "2008.10.20"]
[Round "2.16"]
[White "Managias, Alexios"]
[Black "Vlach, Karel"]
[Result "1-0"]
[WhiteElo "1400"]
[BlackElo "1400"]
[PlyCount "77"]
[EventDate "2008.10.18"]
[EventType "team-"]
[EventRounds "9"]
[EventCountry "GRE"]
[Source "lmi"]
[SourceDate "2008.10.19"]

1. c4 e6 2. Nf3 d5 3. g3 Nf6 4. Bg2 c6 5. O-O Be7 6. d4 dxc4 7. Ne5 Nbd7 8.
Nxc4 Nb6 9. Na5 O-O 10. e4 Nbd7 11. Nc4 Nb6 12. Ne3 Qc7 13. Qc2 e5 14. Nd5
Nbxd5 15. exd5 Bd7 16. dxc6 Bxc6 17. d5 Nxd5 18. Bxd5 Rac8 19. Bxc6 Qxc6 20.
Qxc6 Rxc6 21. Nc3 Rfc8 22. Be3 a6 23. Rac1 f6 24. Nd5 Bd6 25. Rxc6 Rxc6 26. Rc1
Rxc1+ 27. Bxc1 Kf7 28. Kf1 Ke6 29. Nc3 Kf5 30. f3 h5 31. Be3 g5 32. h3 Kg6 33.
Ne4 Be7 34. Nc5 Bxc5 35. Bxc5 f5 36. Ke2 g4 37. fxg4 hxg4 38. hxg4 fxg4 39. Ke3
1-0